Top 10 Città più popolose Provincia di Novara - Statistics

Statistiche generali
  • Questo quiz è stato fatto 33 volte
  • Il punteggio medio è 6 su 10
Statistiche sulle risposte
Popolazione (ab.) Città % Corretto
101 952 Novara
100%
21 166 Borgomanero
93%
14 195 Arona
78%
19 856 Trecate
78%
15 008 Galliate
63%
13 650 Oleggio
56%
10 770 Cameri
44%
10 005 Castelletto sopra Ticino
30%
9 375 Bellinzago Novarese
22%
6 728 Cerano
19%
Nessun quiz corrispondente trovato
Distribuzione punteggi
Percentuale di utenti per punteggio
Percentile per numero di risposta
I tuoi punteggi nel tempo
Non hai fatto questo quiz